Online
Catalog

A Brief History of Time : (Record no. 42554)

MARC details
000 -CABECERA
campo de control de longitud fija 00719nam a2200205 a 4500
001 - NÚMERO DE CONTROL
campo de control 000043065
005 - FECHA Y HORA DE LA ÚLTIMA TRANSACCIÓN
campo de control 20201002040618.0
008 - DATOS DE LONGITUD FIJA--INFORMACIÓN GENERAL
campo de control de longitud fija 140218s1988 xxua r 000 1 spa d
020 ## - NÚMERO INTERNACIONAL ESTÁNDAR DEL LIBRO
Número Internacional Estándar del Libro 055305340X
040 ## - FUENTE DE LA CATALOGACIÓN
Centro catalogador/agencia de origen DO-SdBNP
Lengua de catalogación spa
Centro/agencia transcriptor BNPHU
082 ## - NÚMERO DE LA CLASIFICACIÓN DECIMAL DEWEY
Número de clasificación xxxx
Número de documento/Ítem H392b
100 1# - ENTRADA PRINCIPAL--NOMBRE DE PERSONA
Nombre de persona Hawking, Stephen,
Títulos y otros términos asociados al nombre 1942-
9 (RLIN) 70589
245 10 - MENCIÓN DE TÍTULO
Título A Brief History of Time :
Resto del título from the big bang to blak holes /
Mención de responsabilidad, etc. Stephen W. Hawking ; introducción Carl Sagan ; ilustración Ron Miller.
260 ## - PUBLICACIÓN, DISTRIBUCIÓN, ETC.
Lugar de publicación, distribución, etc. Toronto, New York :
Nombre del editor, distribuidor, etc. Bantam Books,
Fecha de publicación, distribución, etc. 1988.
300 ## - DESCRIPCIÓN FÍSICA
Extensión ix, 198 p. :
Otras características físicas il. ;
Dimensiones 24 cm.
500 ## - NOTA GENERAL
Nota general Incluye índice y glosario
590 ## - NOTA LOCAL (RLIN)
Nota local Inventariado, 2019/BT
700 1# - PUNTO DE ACCESO ADICIONAL--NOMBRE DE PERSONA
Nombre de persona Sagan, Carl,
Término indicativo de función/relación introd.
9 (RLIN) 66997
700 1# - PUNTO DE ACCESO ADICIONAL--NOMBRE DE PERSONA
Nombre de persona Miller, Ron,
Término indicativo de función/relación il.
9 (RLIN) 70590
Holdings
Estado de retiro Estado de pérdida Restricciones de uso No para préstamo Código de colección Localización permanente Ubicación/localización actual Ubicación en estantería Fecha de adquisición Número de inventario Total de préstamos Signatura topográfica completa Código de barras Fecha visto por última vez Precio válido a partir de Tipo de ítem Koha Nota pública
      Excluido de préstamo Monografías: Libros y Folletos General General Depósito 18.02.2014 LF1   xxxx H392b 43065-10 25.06.2020 25.06.2020 No se presta Perteneció a la biblioteca personal de Denisse Ramírez.

Powered by Koha